LEADER 01531nam a2200361 u 4500 001 000000069945 003 CaOOAMICUS 005 20070226121951.0 008 020423s1988 it u000 u ita u 020 $a8842029955 035 $a10927559 040 $aPUL(R)$bita 041 1 $aita$hfre 245 03$aLe religioni in Egitto, Mesopotamia e Persia /$cDerchain Philippe [et al...]. 260 $aBari :$bLaterza,$c1988. 300 $a359 p. ;$c20 cm 490 1 $aStoria delle religioni 490 1 $aBiblioteca universale (Laterza) ;$v219 500 $aContiene indici. 500 $aTit. orig.: "Histoire des Religions". 504 $aInclude riferimenti bibliografici. 650 4$aReligioni$xStoria$zEgitto.$0(OLS)http://pul/subject/25022 651 4$aMesopotamia$xStoria antica.$0(OLS)http://pul/subject/25023 651 4$aPersia$xReligione.$0(OLS)http://pul/subject/25024 700 1 $aDerchain, Philippe,$d1926-$0(OLS)http://pul/name/22716 830 0$aBiblioteca universale (Laterza) ;$v219.$0(OLS)http://pul/title/51 830 0$aStoria delle religioni (Laterza).$0(OLS)http://pul/title/64845 850 $aPUL 852 $aPUL$W1$xDP1 Cons. Gen., Altre Classi 1$y22$m781 B 7$j90550$n $b $qStampati$B90550$CPULBib$Z2$F90550 $H $81 941 1 $a8 996 $6020$a8842029955$9(OLS)http://pul/number/90519 996 $6245$aLe religioni in Egitto, Mesopotamia e Persia$9(OLS)http://pul/title/92293 996 $6260$aBari :$bLaterza$9(OLS)http://pul/publisher/47895 LEADER 01269nam a2200277 u 4500 001 000000052114 003 CaOOAMICUS 005 20070226115419.0 008 001009m19941996it u000 u ita u 020 $a88-13-19067-0 (v.1) 020 $a88-13-19907-4 (v.2) 035 $a10857615 040 $aMSA$bita$dPUL 245 03$aLa giustizia civile nei paesi comunitari /$ca cura di Elio Fazzalari. 260 $aPadova :$bCEDAM,$c1994.-1996. 300 $a2 v. ;$c25 cm 650 4$aDiritto processuale civile$zEuropa.$0(OLS)http://pul/subject/21799 700 1 $aFazzalari, Elio,$d1925-$0(OLS)http://pul/name/6740 850 $aPUL 852 $aPUL$W1$xSL Diritto e Scienze Sociali 3$y79$m300 A 48.2$j68940$nBK-PRI$b $qDDC 21$B68941$CPULBib$Z2$F68941 $H94752 $82 852 $aPUL$W1$xSL Diritto e Scienze Sociali 3$y79$m300 A 48.1$j198491$nBK-PRI$b $qDDC 21$B68940$CPULBib$Z2$F68940 $H94753 $82 941 1 $a9 996 $6020$a88-13-19067-0 (v.1)$9(OLS)http://pul/number/65870 996 $6020$a88-13-19907-4 (v.2)$9(OLS)http://pul/number/65871 996 $6245$aLa giustizia civile nei paesi comunitari$9(OLS)http://pul/title/69903 996 $6260$aPadova :$bCEDAM$9(OLS)http://pul/publisher/48126